000 00934nam a22001817a 4500
005 20260124092722.0
008 230712b ||||| |||| 00| 0 eng d
040 _cSSBUL
_dSSBUL
082 _223
_a၉၅၉.၁ မြန် ၁၆၁၃၃ (S-SAT)
245 _aမြန့်မာဆိုရှယ်လစ်လမ်းစဉ်ပါတီ၏ ဝေါဟာရများရှင့်လင်းချက် /
260 _aရန်ကုန်၊
_bပါတီပုံနှိပ်တိုက်၊
_c၁၉၈၆။
300 _a၇၀ စာမျက်နှာ၊
_c၂၂ စင်တီ။
500 _aS-SAT: Dr. Prof Sai Aung Tun
650 _aမြန်မာ့ဆိုရှယ်လစ်လမ်းစဉ်ပါတီ။
_927833
650 _aဝေါဟာရများ။
_927834
651 _aမြန်မာနိုင်ငံ
_xသမိုင်း။
_96190
942 _2ddc
_cBK1
999 _c27086
_d27086